000 005110000a22001810004500
020 _a0-671-54505-1
041 0 _aENG
082 0 4 _aG 271.53 M3791j
100 1 _aMartin, Malachi
245 1 0 _aThe Jesuits : The Society of Jesus and the betrayal of the Roman Catholic Church / Malachi Martin
260 _aNew York, N.Y., USA : Linden
300 _a525 Pag
001 8458
942 _cBK
999 _c38605
_d38605
336 _atexto
_btxt
_2rdacontent
337 _2rdamedia
_asin mediación
_bn
338 _2rdacarrier
_avolumen
_bnc